[Event "Xtracon Chess Open 2019"]
[Site "Helsingor DEN"]
[Date "2019.07.25"]
[Round "7.100"]
[White "Saravana, Vedant Kumar"]
[Black "Mardell, Jonas"]
[Result "0-1"]
[WhiteElo "1861"]
[BlackElo "2024"]
[WhiteFideId "45059730"]
[BlackFideId "1705636"]
[EventDate "2019.07.20"]

1. e4 c5 2. Nf3 d6 3. d4 cxd4 4. Nxd4 Nf6 5. Nc3 a6 6. Be2 e5 7. Nb3 Be7 8. O-O
Be6 9. f4 Qc7 10. Kh1 Nbd7 11. a4 Bc4 12. f5 Rc8 13. Be3 b6 14. Nd2 Bxe2 15.
Qxe2 Qb7 16. Qd3 Nc5 17. Bxc5 Rxc5 18. Nc4 O-O 19. Ne3 Rfc8 20. g4 Rxc3 21. bxc3
Rxc3 22. Qxc3 Nxe4 23. Qc4 Nf2+ 24. Kg1 Nh3# 0-1

[Event "Xtracon Chess Open 2019"]
[Site "Helsingor DEN"]
[Date "2019.07.25"]
[Round "7.101"]
[White "Holinka, Henning"]
[Black "Stage, Allan Juul"]
[Result "1-0"]
[WhiteElo "2021"]
[BlackElo "1855"]
[WhiteFideId "12967084"]
[BlackFideId "1452371"]
[EventDate "2019.07.20"]

1. e4 e6 2. Nf3 d5 3. Nc3 Nf6 4. e5 Nfd7 5. d4 c5 6. dxc5 Bxc5 7. Bd3 Nc6 8. Bf4
Be7 9. h4 Nc5 10. h5 b6 11. h6 g6 12. Ne2 Bd7 13. Ned4 Nxd3+ 14. Qxd3 Nxd4 15.
Qxd4 Bb5 16. Qd2 Rc8 17. O-O-O Ba4 18. b3 Bd7 19. Bg5 Rc7 20. Kb1 a5 21. Bxe7
Qxe7 22. Qg5 Qxg5 23. Nxg5 O-O 24. f4 Rc3 25. Rd3 Rfc8 26. Rxc3 Rxc3 27. Rh3 Rc8
28. Kb2 a4 29. a3 Rc5 30. Rc3 Bb5 31. Nf3 Kf8 32. Nh2 d4 33. Rxc5 bxc5 34. Ng4
Bc6 35. g3 axb3 36. Kxb3 Bb5 37. Nf6 c4+ 38. Kb2 Ke7 39. Nxh7 c3+ 40. Kc1 Ba4
41. Nf6 Kf8 42. g4 Bb5 43. g5 Bc6 44. Ng4 1-0

[Event "Xtracon Chess Open 2019"]
[Site "Helsingor DEN"]
[Date "2019.07.25"]
[Round "7.102"]
[White "Christiansen, Arne"]
[Black "Hilbenz, Guntram"]
[Result "1/2-1/2"]
[WhiteElo "2011"]
[BlackElo "1845"]
[WhiteFideId "1402013"]
[BlackFideId "4686586"]
[EventDate "2019.07.20"]

1. d4 d5 2. c4 c6 3. Nf3 Nf6 4. e3 Bf5 5. Nc3 e6 6. Nh4 Be4 7. Nxe4 Nxe4 8. Nf3
Nd7 9. Bd3 f5 10. O-O Be7 11. Nd2 O-O 12. Nxe4 fxe4 13. Be2 Nf6 14. Bd2 Qd7 15.
a3 Rfc8 16. Bc3 Rf8 17. Qd2 Rf7 18. Bb4 Raf8 19. Bxe7 Qxe7 20. Qb4 Ne8 21. Qxe7
Rxe7 22. b4 Nd6 23. c5 Nf5 24. Bg4 e5 25. Bxf5 Rxf5 26. dxe5 Rfxe5 27. Rfd1 a6
28. a4 Rd7 29. Rd4 Kf7 30. Rb1 Re8 31. Kf1 Ra8 32. a5 1/2-1/2

[Event "Xtracon Chess Open 2019"]
[Site "Helsingor DEN"]
[Date "2019.07.25"]
[Round "7.103"]
[White "Lye, Sverre"]
[Black "Lauritsen, Niels"]
[Result "1/2-1/2"]
[WhiteElo "1839"]
[BlackElo "2011"]
[WhiteFideId "1539353"]
[BlackFideId "1404474"]
[EventDate "2019.07.20"]

1. e4 Nc6 2. Nf3 d6 3. d4 Nf6 4. Nc3 g6 5. h3 Bg7 6. Be3 O-O 7. Be2 e5 8. dxe5
dxe5 9. Qxd8 Rxd8 10. Bc4 h6 11. O-O Ne8 12. Rfd1 Nd6 13. Bb3 Be6 14. Bxe6 fxe6
15. b3 a6 16. Ne1 Nd4 17. Rd2 Kf8 18. Nd3 Ke7 19. f3 Rd7 20. Rad1 b6 21. Ne2
N6b5 22. Ndc1 Rad8 23. c3 Nc6 24. Rxd7+ Rxd7 25. Rxd7+ Kxd7 26. Kf2 Nd6 27. Nd3
Nf7 28. Ke1 Bf6 29. a4 Na5 30. Nec1 Kd6 31. Kd2 Bg5 1/2-1/2

[Event "Xtracon Chess Open 2019"]
[Site "Helsingor DEN"]
[Date "2019.07.25"]
[Round "7.104"]
[White "Andersen, Kim Nyvang"]
[Black "Hansen, Verner"]
[Result "1-0"]
[WhiteElo "2008"]
[BlackElo "1838"]
[WhiteFideId "1415743"]
[BlackFideId "1425285"]
[EventDate "2019.07.20"]

1. d4 d5 2. c4 e6 3. Nc3 Nf6 4. cxd5 exd5 5. Bg5 Be7 6. Qc2 h6 7. Bh4 O-O 8. e3
c6 9. Bd3 Na6 10. a3 Nc7 11. Nge2 Re8 12. O-O Ng4 13. Bg3 Ne6 14. h3 Nf6 15. f3
c5 16. Bb5 Bd7 17. Rad1 Bxb5 18. Nxb5 Qb6 19. Nbc3 cxd4 20. exd4 Rac8 21. Qd2
Bd6 22. Bh4 g5 23. Bf2 Qd8 24. g3 Kg7 25. Kg2 Bb8 26. Be3 Nh5 27. Rh1 Qd6 28.
Bf2 f5 29. Qd3 Rf8 30. Qb5 Rf7 31. Nxd5 Rc2 32. Ne3 Rxe2 33. Qxe2 Nhf4+ 34. gxf4
Nxf4+ 35. Kf1 Nxe2 36. Kxe2 Qa6+ 37. Rd3 f4 38. Nd1 Bc7 39. Nc3 Ba5 40. b4 Bb6
41. Ne4 Qc4 42. Rd1 a5 43. bxa5 Bxa5 44. d5 Rd7 45. d6 b5 46. Kf1 b4 47. axb4
Bxb4 48. Kg1 Kg6 49. Rd4 Qb5 50. Rb1 Qe2 51. Rdxb4 Qxf3 52. R1b3 Qd1+ 53. Kh2
Kf5 54. Rc3 Qe2 55. Rc5+ Ke6 56. Rd4 f3 57. Rc1 Ke5 58. Rcd1 Qb2 59. R1d2 Qa1
60. Nc5 Rd8 61. d7 Qf1 62. Bg3+ Kf5 63. Rf2 Qe2 64. Rxe2 fxe2 1-0

[Event "Xtracon Chess Open 2019"]
[Site "Helsingor DEN"]
[Date "2019.07.25"]
[Round "7.105"]
[White "Leonhardsen, Vebjorn Maanum"]
[Black "Schrodt, Sebastian"]
[Result "0-1"]
[WhiteElo "1820"]
[BlackElo "2002"]
[WhiteFideId "1539515"]
[BlackFideId "24675563"]
[EventDate "2019.07.20"]

1. c4 e5 2. g3 Nf6 3. Bg2 Bc5 4. Nf3 Nc6 5. O-O O-O 6. Nc3 d6 7. a3 a6 8. b4 Ba7
9. Bb2 Be6 10. d3 Qd7 11. Re1 Bh3 12. e3 Rfe8 13. Qc2 Ne7 14. Bh1 c6 15. a4 Ng6
16. b5 d5 17. Qb3 Rad8 18. cxd5 cxd5 19. Ne2 Qf5 20. Bg2 Bg4 21. Nd2 Bh3 22. d4
e4 23. Nf4 Nxf4 24. exf4 Qh5 25. Rac1 Ng4 26. Nf1 Rd6 27. Bxh3 Qxh3 28. Rc7 Rf6
29. Qxd5 Bb8 30. Rxe4 Rf8 31. Rxb7 Rh6 32. Ree7 Nxh2 33. Nxh2 Qxh2+ 34. Kf1 Qh3+
35. Ke1 Bd6 36. Bc3 Bxe7 37. Rxe7 Qc8 38. Kd2 Rh2 39. Re2 Rd8 40. Qc6 axb5 41.
Qxc8 Rxc8 42. axb5 Rh5 43. Re5 Rxe5 44. fxe5 Rb8 45. d5 Rxb5 46. d6 Kf8 47. Kd3
Ke8 48. f4 g6 49. g4 h5 50. gxh5 gxh5 51. f5 Kd7 52. Kc4 Rb1 53. Kd5 Rd1+ 54.
Bd4 Re1 55. Bf2 Rd1+ 56. Bd4 Re1 57. Bf2 Re2 58. Bh4 Rd2+ 59. Ke4 Rh2 60. Bg5
Ra2 61. Kf4 Ra4+ 62. Kg3 Rg4+ 0-1

[Event "Xtracon Chess Open 2019"]
[Site "Helsingor DEN"]
[Date "2019.07.25"]
[Round "7.106"]
[White "Horslund, Mikael"]
[Black "Kakulidis, Ellen"]
[Result "0-1"]
[BlackTitle "WCM"]
[WhiteElo "1716"]
[BlackElo "1998"]
[WhiteFideId "1421042"]
[BlackFideId "1444972"]
[EventDate "2019.07.20"]

1. Nf3 d5 2. g3 Nf6 3. Bg2 e6 4. d3 Be7 5. O-O O-O 6. a4 c5 7. Nc3 Nc6 8. Nd2 b6
9. e4 dxe4 10. Ndxe4 Bb7 11. a5 Nxa5 12. Nxf6+ Bxf6 13. Ne4 Nc6 14. Nxf6+ Qxf6
15. Qh5 Na5 16. Bxb7 Nxb7 17. Ra2 Na5 18. b3 Nc6 19. Bb2 Qg6 20. Qh3 Nb4 21. Ra4
b5 22. Ra5 a6 23. Rc1 Qg5 24. f4 Qg6 25. Qg2 Qf5 26. Rca1 Qd5 27. Qf2 h6 28. Bc3
Qc6 29. Re1 Nd5 30. Bb2 Qb6 31. Rea1 Rfc8 32. h4 Qc6 33. Qf3 c4 34. Qg4 c3 35.
Bc1 Qc5+ 36. Kg2 Nb4 37. Qe2 Qc6+ 38. Kh2 Rd8 39. Be3 Rd5 40. Kg1 Qc7 41. Qf2
Qd7 42. d4 Qc7 43. Kg2 Qb6 44. R5a3 Qb7 45. Kh3 Qd7 46. Kh2 Rd6 47. Qf3 Qd8 48.
Qf2 Nd5 49. Bc1 Nf6 50. Qf3 b4 51. Ra5 Rxd4 52. f5 exf5 53. Rxf5 Rd6 54. Bf4 Re6
55. Rd1 Qe8 56. Kh3 Rc8 57. g4 Ne4 58. g5 hxg5 59. hxg5 Nd2 60. Qh5 g6 0-1

[Event "Xtracon Chess Open 2019"]
[Site "Helsingor DEN"]
[Date "2019.07.25"]
[Round "7.107"]
[White "Opseth, Oliver"]
[Black "Digernes, Magnus"]
[Result "0-1"]
[WhiteElo "1714"]
[BlackElo "1997"]
[WhiteFideId "1523813"]
[BlackFideId "1514873"]
[EventDate "2019.07.20"]

1. d4 Nf6 2. Bf4 g6 3. Nc3 Bg7 4. e4 d6 5. Qd2 c6 6. Nf3 Bg4 7. e5 Nh5 8. Bh6
Bxf3 9. gxf3 dxe5 10. Bxg7 Nxg7 11. dxe5 Qxd2+ 12. Kxd2 Nd7 13. Re1 O-O-O 14.
Bh3 Kc7 15. Kc1 Nc5 16. Rhg1 Nce6 17. Ne4 Nf4 18. Bf1 h6 19. Bc4 Rhf8 20. Rd1 b5
21. Rxd8 Rxd8 22. Rg4 g5 23. Bf1 Nf5 24. Ng3 Nd4 25. h4 f6 26. hxg5 fxg5 27. c3
Nxf3 28. Ne4 Nxe5 29. Rg1 g4 30. Ng3 Ned3+ 31. Bxd3 Nxd3+ 32. Kc2 Nf4 33. Nf5 h5
34. Nxe7 Re8 35. Nf5 Re2+ 36. Kb3 Rxf2 37. a3 Nd3 38. c4 Rxf5 0-1

[Event "Xtracon Chess Open 2019"]
[Site "Helsingor DEN"]
[Date "2019.07.25"]
[Round "7.108"]
[White "Nergard, Ole-Kristian"]
[Black "Zemlicka, Vit"]
[Result "0-1"]
[WhiteElo "1505"]
[BlackElo "1982"]
[WhiteFideId "1543156"]
[BlackFideId "303143"]
[EventDate "2019.07.20"]

1. e4 g6 2. Nc3 Bg7 3. f4 c5 4. Nf3 Nc6 5. Be2 e6 6. O-O Nge7 7. d3 d6 8. Be3
Nd4 9. Qd2 Nec6 10. Nd1 O-O 11. c3 Nxe2+ 12. Qxe2 b6 13. Bd2 b5 14. Ne3 a5 15.
g4 f5 16. gxf5 exf5 17. exf5 gxf5 18. Rf2 Ra7 19. Rg2 Kh8 20. Nd5 Ne7 21. Nxe7
Rxe7 22. Qf2 Bb7 23. Rg3 Rfe8 24. Re1 Rxe1+ 25. Bxe1 Qe7 26. Kf1 a4 27. a3 Bf6
28. Rh3 Rg8 29. Rg3 Rxg3 30. hxg3 Qe6 31. Qe2 Qd7 32. Kf2 Qc6 33. Qe3 Kg7 34.
Ke2 Qd5 35. Bd2 Bc6 36. Ne1 Qb3 37. Bc1 b4 38. axb4 cxb4 39. Qb6 bxc3 40. Qxb3
axb3 41. bxc3 Bxc3 42. Ba3 b2 0-1

[Event "Xtracon Chess Open 2019"]
[Site "Helsingor DEN"]
[Date "2019.07.25"]
[Round "7.109"]
[White "Knudsen, Ole"]
[Black "Frederiksen Kristian, Pade"]
[Result "1-0"]
[WhiteElo "1969"]
[BlackElo "1822"]
[WhiteFideId "1410830"]
[BlackFideId "1435205"]
[EventDate "2019.07.20"]

1. e4 e5 2. Nf3 Nc6 3. d4 exd4 4. Nxd4 Nf6 5. Nxc6 bxc6 6. e5 Qe7 7. Qe2 Nd5 8.
c4 Nb6 9. Nc3 Qe6 10. Qe4 g6 11. Bd3 a5 12. Be3 Ba6 13. Bxb6 cxb6 14. O-O-O Bg7
15. f4 O-O 16. Be2 f5 17. Qd4 Rfd8 18. Qxb6 Bxc4 19. Rd6 Qf7 20. Bxc4 Qxc4 21.
Rd4 Qe6 22. Rhd1 Bf8 23. Qb3 Qxb3 24. axb3 Bc5 25. R4d3 Be7 26. Rxd7 Rxd7 27.
Rxd7 Bc5 28. Kc2 Be3 29. Ne2 Rb8 30. g3 Rb4 31. Rd3 Bf2 32. Nc3 Rd4 33. Rxd4
Bxd4 34. Kd3 Bf2 35. Kc4 Kf7 36. b4 axb4 37. Kxb4 Ke6 38. Kc4 Ke7 39. b4 h6 40.
Ne2 Kd7 41. b5 cxb5+ 42. Kxb5 Be3 43. Kc4 Ke6 44. Nd4+ Ke7 45. Kd5 Bg1 46. h3 h5
47. Nc6+ Ke8 48. Ke6 Bf2 49. Ne7 Bxg3 50. Nxg6 1-0

[Event "Xtracon Chess Open 2019"]
[Site "Helsingor DEN"]
[Date "2019.07.25"]
[Round "7.110"]
[White "Pedersen, Lars Foldager"]
[Black "Munksgaard, Bo"]
[Result "1-0"]
[WhiteElo "1967"]
[BlackElo "1740"]
[WhiteFideId "1417649"]
[BlackFideId "1407473"]
[EventDate "2019.07.20"]

1. Nf3 e6 2. c4 b6 3. g3 Bb7 4. Bg2 f5 5. O-O Nf6 6. b3 Be7 7. Bb2 O-O 8. d4 Qe8
9. Nc3 d6 10. Qc2 Qh5 11. Nb5 Bd8 12. c5 a6 13. cxd6 cxd6 14. Nxd6 Bd5 15. Ne5
Be7 16. Bxd5 Nxd5 17. Ba3 b5 18. Bc5 Rd8 19. e4 Nf6 20. Nb7 Rc8 21. exf5 exf5
22. b4 Nbd7 23. Qb3+ Kf8 24. Qe6 Bxc5 25. Nxd7+ Nxd7 26. bxc5 Nf6 27. Nd6 Rc6
28. Rae1 Ne4 29. f3 Nxd6 30. Qe7+ Kg8 31. cxd6 Qh6 32. d7 1-0

[Event "Xtracon Chess Open 2019"]
[Site "Helsingor DEN"]
[Date "2019.07.25"]
[Round "7.111"]
[White "Iskos, Lukas"]
[Black "Henningsen, Lasse"]
[Result "0-1"]
[WhiteElo "1622"]
[BlackElo "1963"]
[WhiteFideId "1461613"]
[BlackFideId "1425315"]
[EventDate "2019.07.20"]

1. e4 e5 2. Nf3 Nc6 3. Bc4 Nf6 4. O-O Bc5 5. d3 d6 6. h3 h6 7. c3 a6 8. d4 exd4
9. cxd4 Bb6 10. Re1 O-O 11. Nc3 Re8 12. Bf4 Ne7 13. Qb3 Rf8 14. e5 Ne8 15. exd6
Nxd6 16. Bxd6 Qxd6 17. Ne4 Qf4 18. Ng3 Ng6 19. Nh5 Qd6 20. Bxf7+ Rxf7 21. Re8+
Nf8 22. Ne5 Be6 23. d5 Rxe8 24. dxe6 Rxf2 0-1

[Event "Xtracon Chess Open 2019"]
[Site "Helsingor DEN"]
[Date "2019.07.25"]
[Round "7.112"]
[White "Guindy, Esmat Susanne"]
[Black "Jorgensen, Orla Eilegaard"]
[Result "1-0"]
[WhiteTitle "WFM"]
[WhiteElo "2132"]
[BlackElo "1614"]
[WhiteFideId "1401637"]
[BlackFideId "1413368"]
[EventDate "2019.07.20"]

1. d4 b6 2. c4 Bb7 3. Nc3 e6 4. Nh3 Nf6 5. f3 g6 6. e4 d6 7. Bd3 Nbd7 8. Be3 Bg7
9. Qd2 c5 10. d5 e5 11. O-O h5 12. Bg5 Bc8 13. f4 Qe7 14. f5 Nf8 15. Rf3 N8h7
16. fxg6 fxg6 17. Bh4 Bg4 18. Rg3 O-O-O 19. a4 a5 20. Nf2 Rdf8 21. Nxg4 hxg4 22.
Be2 Qf7 23. Rf1 g5 24. Bxg5 Nxg5 25. Qxg5 Rh5 26. Bxg4+ Kb7 27. Bxh5 Qxh5 28.
Qxh5 Nxh5 29. Rxg7+ 1-0

[Event "Xtracon Chess Open 2019"]
[Site "Helsingor DEN"]
[Date "2019.07.25"]
[Round "7.113"]
[White "Poulsen, Klaus E."]
[Black "Zierott, Jan"]
[Result "1-0"]
[WhiteElo "2095"]
[BlackElo "1783"]
[WhiteFideId "1405039"]
[BlackFideId "4679040"]
[EventDate "2019.07.20"]

1. e4 c6 2. d4 d5 3. exd5 cxd5 4. c4 Nf6 5. Nc3 e6 6. Nf3 Be7 7. Bf4 a6 8. c5
Nc6 9. Be2 Bd7 10. O-O b6 11. Na4 bxc5 12. Nxc5 Qb6 13. Nxd7 Nxd7 14. Qa4 O-O
15. Rfc1 Rfc8 16. Rc2 Qb4 17. Qxb4 Nxb4 18. Rxc8+ Rxc8 19. a3 Rc2 20. Bd1 Rxb2
21. axb4 Bxb4 22. Bc1 1-0

[Event "Xtracon Chess Open 2019"]
[Site "Helsingor DEN"]
[Date "2019.07.25"]
[Round "7.114"]
[White "Fjallheim, Benjamin Reinert"]
[Black "Bremer, Erik"]
[Result "1-0"]
[WhiteElo "1612"]
[BlackElo "1444"]
[WhiteFideId "7202008"]
[BlackFideId "1411578"]
[EventDate "2019.07.20"]

1. e4 e5 2. Nf3 Nc6 3. Bc4 Bc5 4. Nc3 Nf6 5. d3 h6 6. Na4 Be7 7. Be3 O-O 8. Qd2
d6 9. Nc3 Be6 10. Nd5 Bg4 11. h3 Bd7 12. g4 Nxd5 13. Bxd5 Be6 14. O-O-O Nb8 15.
Bxb7 Nd7 16. Bxa8 Qxa8 17. Kb1 c5 18. g5 h5 19. Nh4 Rb8 20. Nf5 Bd8 21. Nxd6 Qc6
22. Nc4 Nb6 23. Nxe5 Qb5 24. c4 Qa6 25. Bxc5 Na4 26. Bd4 Ba5 27. Qc2 Bb4 28. b3
Be7 29. f4 Bd8 30. f5 Bd7 31. Qe2 Ba5 32. Qxh5 Be8 33. g6 fxg6 34. fxg6 Kf8 35.
Rhf1+ Ke7 36. Qg5+ Kd6 37. Nf7+ Kd7 38. Qd5+ Kc8 39. Nd6+ Kc7 40. Nxe8+ Rxe8 41.
Rf7+ Kb8 42. Be5+ Rxe5 43. Qxe5+ Kc8 44. Qe8+ Bd8 45. Qd7+ Kb8 46. Qxd8+ Qc8 47.
Qd6+ 1-0

[Event "Xtracon Chess Open 2019"]
[Site "Helsingor DEN"]
[Date "2019.07.25"]
[Round "7.115"]
[White "Loveid, Erik"]
[Black "Gregor, Bjarke"]
[Result "0-1"]
[WhiteElo "1799"]
[BlackElo "2064"]
[WhiteFideId "1520067"]
[BlackFideId "1423401"]
[EventDate "2019.07.20"]

1. d4 Nf6 2. Bg5 d5 3. Bxf6 exf6 4. g3 c6 5. Bg2 Qb6 6. b3 a5 7. Nf3 a4 8. Nbd2
Bb4 9. O-O Bc3 10. Rb1 a3 11. e3 Na6 12. b4 Qc7 13. b5 cxb5 14. Rxb5 Qc6 15. Rb3
Nc7 16. Nb1 Bb2 17. Qd3 b6 18. Re1 Ba6 19. Qd2 Bc4 20. e4 O-O 21. Rbe3 Bxa2 22.
Nxa3 Bxa3 23. Nh4 dxe4 24. Rc3 Qd7 25. Rxe4 Bd5 26. Ree3 Bxg2 27. Rxa3 Bb7 28.
f3 Rxa3 29. Rxa3 Nb5 30. Rb3 Qxd4+ 31. Qxd4 Nxd4 32. Rxb6 Nxf3+ 0-1

[Event "Xtracon Chess Open 2019"]
[Site "Helsingor DEN"]
[Date "2019.07.25"]
[Round "7.116"]
[White "Halvorsen, Benjamin"]
[Black "Jensen, Morten Frank"]
[Result "1-0"]
[WhiteElo "1789"]
[BlackElo "2029"]
[WhiteFideId "1516604"]
[BlackFideId "1407325"]
[EventDate "2019.07.20"]

1. e4 Nc6 2. d4 d5 3. e5 Bf5 4. Nf3 e6 5. c3 Nge7 6. Bg5 h6 7. Bh4 g5 8. Bg3 Bg7
9. Nbd2 Qd7 10. Nb3 b6 11. Ba6 Rd8 12. Nbd2 Nb8 13. Be2 c5 14. Nf1 c4 15. Ne3
Be4 16. h4 Bxf3 17. Bxf3 Qb5 18. Qc2 Kd7 19. b3 Nbc6 20. bxc4 Qa5 21. Rd1 Kc7
22. cxd5 exd5 23. h5 Kb7 24. O-O b5 25. Qb3 f5 26. exf6 Bxf6 27. Nxd5 Rhf8 28.
Nxe7 Bxe7 29. Qe6 Rxf3 30. gxf3 Bf8 31. d5 1-0

[Event "Xtracon Chess Open 2019"]
[Site "Helsingor DEN"]
[Date "2019.07.25"]
[Round "7.117"]
[White "Sjol, Henrik"]
[Black "Bering, Anders"]
[Result "0-1"]
[WhiteElo "1755"]
[BlackElo "1999"]
[WhiteFideId "1505629"]
[BlackFideId "1405810"]
[EventDate "2019.07.20"]

1. d4 Nf6 2. Nf3 d5 3. c4 e6 4. Nc3 dxc4 5. e3 a6 6. Bxc4 b5 7. Be2 Bb7 8. O-O
c5 9. dxc5 Bxc5 10. Qxd8+ Kxd8 11. Rd1+ Ke7 12. b3 Nbd7 13. Bb2 Rhd8 14. Rac1
Rac8 15. h3 g6 16. Nb1 Nd5 17. Ne5 Nxe3 18. Nxd7 Nxd1 19. Bf6+ Kxd7 20. Rxd1+
Kc7 21. Bxd8+ Rxd8 22. Rc1 Kb6 23. Kf1 f5 24. f3 e5 25. a4 Be3 26. a5+ Kxa5 27.
Rc7 Rc8 28. Rxb7 Rc1+ 29. Bd1 Rxd1+ 30. Ke2 Rxb1 31. Kxe3 Rxb3+ 32. Kf2 Rc3 33.
Rxh7 b4 34. Re7 Rc5 35. Rg7 b3 0-1

[Event "Xtracon Chess Open 2019"]
[Site "Helsingor DEN"]
[Date "2019.07.25"]
[Round "7.118"]
[White "Jarlnaes, Erik"]
[Black "Manz, Andreas"]
[Result "0-1"]
[WhiteElo "1959"]
[BlackElo "1770"]
[WhiteFideId "1414623"]
[BlackFideId "24660108"]
[EventDate "2019.07.20"]

1. e4 e5 2. Nf3 Nf6 3. Nc3 Bb4 4. d3 Nc6 5. Bg5 O-O 6. a3 Bxc3+ 7. bxc3 d6 8.
Rb1 Qe7 9. Be2 Nd8 10. Bxf6 Qxf6 11. O-O Ne6 12. g3 b6 13. Kg2 Bb7 14. Nd2 Qg6
15. Kh1 f5 16. f3 Qh6 17. exf5 Rxf5 18. g4 Rf7 19. Ne4 Raf8 20. c4 Qh3 21. Rf2
Bxe4 22. dxe4 Nd4 23. Bf1 Qh4 24. Rg2 Rxf3 25. Bd3 Rf2 26. Qe1 Qf6 27. Rxf2 Qxf2
28. Qxf2 Rxf2 29. Kg1 Rf4 30. h3 Ne6 31. Kg2 g5 32. Rf1 Kf8 33. Kg3 Rxf1 34.
Bxf1 Ke7 35. Kf3 Nd4+ 36. Ke3 Nxc2+ 37. Kd3 Nxa3 38. Kc3 Nxc4 39. Bxc4 c6 40.
Kb4 a5+ 41. Ka3 b5 42. Bg8 h6 43. Kb3 Kd7 44. Kc3 Kc7 45. Kb3 Kb6 46. Kc3 Kc5
47. Ba2 a4 48. Bf7 b4+ 49. Kd3 d5 50. exd5 cxd5 51. Be8 a3 52. Kc2 Kc4 53. Ba4
Kd4 54. Bb3 e4 55. Kd2 e3+ 56. Ke2 Kc3 57. Bxd5 Kb2 58. Kxe3 a2 59. Bxa2 Kxa2 0-1

[Event "Xtracon Chess Open 2019"]
[Site "Helsingor DEN"]
[Date "2019.07.25"]
[Round "7.119"]
[White "Lundberg, Roland"]
[Black "Skjolingstad, Sverre"]
[Result "0-1"]
[WhiteElo "1958"]
[BlackElo "1754"]
[WhiteFideId "1710656"]
[BlackFideId "1519913"]
[EventDate "2019.07.20"]

1. d4 Nf6 2. c4 c5 3. Nf3 cxd4 4. Nxd4 e5 5. Nc2 d5 6. cxd5 Qxd5 7. Qxd5 Nxd5 8.
e4 Nb4 9. Ne3 Bc5 10. Na3 Be6 11. Bb5+ N8c6 12. O-O O-O-O 13. Nac2 Nd4 14. Nxb4
Bxb4 15. Bc4 Rhe8 16. Bd5 Kb8 17. a3 Bxd5 18. Nxd5 Nb3 19. axb4 Nxa1 20. f4 Nb3
21. Be3 f5 22. fxe5 fxe4 23. Nc3 Nd4 24. Rf7 Nc6 25. Rxg7 Nxe5 26. Bf4 Kc8 27.
h3 Rd7 28. Rg5 Nd3 29. Be3 Nxb4 30. Bxa7 e3 31. Kf1 Rd1+ 32. Ke2 Rd2+ 33. Kf3 e2
34. Nxe2 Rdxe2 35. Rc5+ Nc6 36. b4 R2e5 37. Rc4 Kd7 38. Bc5 Rf5+ 39. Kg3 Rg8+
40. Kh2 Rfg5 41. g4 h5 42. Re4 hxg4 43. h4 g3+ 44. Kg2 Re5 0-1

[Event "Xtracon Chess Open 2019"]
[Site "Helsingor DEN"]
[Date "2019.07.25"]
[Round "7.120"]
[White "Rolvag, Birk Anders"]
[Black "Wahlgreen, Noah"]
[Result "1-0"]
[WhiteElo "1956"]
[BlackElo "1743"]
[WhiteFideId "1507753"]
[BlackFideId "1457349"]
[EventDate "2019.07.20"]

1. c4 Nf6 2. Nc3 g6 3. g3 Bg7 4. Bg2 c5 5. d3 Nc6 6. e3 d6 7. Nge2 O-O 8. O-O
Bd7 9. Rb1 a6 10. a3 Rb8 11. b4 Na7 12. bxc5 dxc5 13. Rxb7 Rxb7 14. Bxb7 Bg4 15.
Bg2 Qd7 16. Qc2 Rd8 17. f3 Bf5 18. e4 Be6 19. Nd5 Nc6 20. Bb2 Nd4 21. Nxd4 cxd4
22. Qf2 Qa4 23. Qxd4 Ne8 24. Nxe7+ Kf8 25. Qxd8 Bxb2 26. Nd5 Bd4+ 27. Kh1 Qxa3
28. Nc7 Qe7 29. Nxe6+ 1-0

[Event "Xtracon Chess Open 2019"]
[Site "Helsingor DEN"]
[Date "2019.07.25"]
[Round "7.121"]
[White "Steenstrup, Svend"]
[Black "Khoo-Thwe, Louis"]
[Result "1-0"]
[WhiteElo "1924"]
[BlackElo "1746"]
[WhiteFideId "1409182"]
[BlackFideId "1538756"]
[EventDate "2019.07.20"]

1. d4 Nf6 2. c4 c5 3. d5 d6 4. Nc3 g6 5. e4 Bg7 6. f4 Nbd7 7. Nf3 b5 8. e5 dxe5
9. fxe5 Ng4 10. e6 fxe6 11. dxe6 Nb6 12. Qxd8+ Kxd8 13. Ng5 Bxc3+ 14. bxc3 Ke8
15. Be2 Ne5 16. Nf7 Nxf7 17. exf7+ Kxf7 18. O-O+ Kg7 19. Bf3 Rb8 20. Bf4 Bf5 21.
Be5+ Kh6 22. Bxh8 Nxc4 23. g4 Bc2 24. Rf2 Ba4 25. g5+ Kxg5 26. Bg7 Rb6 27. h4+
Kxh4 28. Bh6 g5 29. Bd5 Rg6 30. Re1 e6 31. Rh2+ Kg3 32. Rg2+ Kh4 33. Re4+ g4 34.
Bf4 g3 35. Bxg3+ Kg5 36. Bd6+ Kh5 37. Bxc4 bxc4 38. Rxc4 Rxg2+ 39. Kxg2 Bc6+ 40.
Kg3 Bd5 41. Rxc5 1-0

[Event "Xtracon Chess Open 2019"]
[Site "Helsingor DEN"]
[Date "2019.07.25"]
[Round "7.122"]
[White "Baliuniene, Margarita"]
[Black "Christiansen, Torsten Sundgaar"]
[Result "1-0"]
[WhiteElo "1917"]
[BlackElo "1742"]
[WhiteFideId "12802760"]
[BlackFideId "1419714"]
[EventDate "2019.07.20"]

1. d4 f5 2. c4 Nf6 3. Nc3 g6 4. g3 Bg7 5. Bg2 O-O 6. Nf3 d6 7. O-O c6 8. b3 Nbd7
9. Ng5 Nb6 10. Ba3 h6 11. Nf3 Nbd7 12. Qc2 Qa5 13. Bb2 e5 14. Rad1 exd4 15. Nxd4
Ne5 16. e4 c5 17. Ndb5 fxe4 18. Nxe4 Nxe4 19. Bxe4 Bh3 20. Rfe1 Rae8 21. Bc3 Qd8
22. Nxd6 Qf6 23. f4 Nf3+ 24. Bxf3 Qxc3 25. Qxc3 Bxc3 26. Rxe8 Bd4+ 27. Rxd4 1-0

[Event "Xtracon Chess Open 2019"]
[Site "Helsingor DEN"]
[Date "2019.07.25"]
[Round "7.123"]
[White "Tolba, Henri"]
[Black "Rosell, Sven"]
[Result "0-1"]
[WhiteElo "1752"]
[BlackElo "1913"]
[WhiteFideId "1418246"]
[BlackFideId "1707760"]
[EventDate "2019.07.20"]

1. d4 Nf6 2. Nf3 g6 3. c4 Bg7 4. Nc3 O-O 5. e4 d6 6. Be2 e5 7. O-O Nc6 8. d5 Ne7
9. b4 a5 10. Qa4 Bd7 11. b5 Nh5 12. Ne1 Nf4 13. Bxf4 exf4 14. Rc1 f5 15. f3 g5
16. Nd3 b6 17. g4 fxg4 18. fxg4 Ng6 19. Qd1 Qe7 20. Bf3 Bd4+ 21. Kh1 Qg7 22. Ne2
Be3 23. Rc2 Nh4 24. Ng1 Rae8 25. Ne1 Nxf3 26. Qxf3 Qe5 27. Nh3 h6 28. Nf2 Bxf2
29. Nd3 Qxe4 30. Qxe4 Rxe4 31. Nxf2 Re3 32. Nd1 Re5 33. h3 Rfe8 34. Kg2 R8e7 35.
Kf2 Be8 36. Rd2 Bg6 37. Nc3 Re3 38. Re2 Rxe2+ 39. Nxe2 Bd3 0-1